Library Banner

Accounting and auditing research : (Record no. 139927)

MARC details
000 -LEADER
fixed length control field 00605nam a22001937a 4500
005 - DATE AND TIME OF LATEST TRANSACTION
control field 20260227094635.0
008 - FIXED-LENGTH DATA ELEMENTS--GENERAL INFORMATION
fixed length control field 260227b |||||||| |||| 00| 0 eng d
020 ## - INTERNATIONAL STANDARD BOOK NUMBER
International Standard Book Number 9781394304707 (pbk)
040 ## - CATALOGING SOURCE
Transcribing agency PK-LaUMT
082 ## - DEWEY DECIMAL CLASSIFICATION NUMBER
Classification number 657.072
Item number WEI-A
100 ## - MAIN ENTRY--PERSONAL NAME
Personal name Weirich, Thomas R.
245 ## - TITLE STATEMENT
Title Accounting and auditing research :
Remainder of title tools and strategies /
Statement of responsibility, etc by Thomas R. Weirich, Natalie T. Churyk and Thomas C. Pearson
250 ## - EDITION STATEMENT
Edition statement 11th ed.
260 ## - PUBLICATION, DISTRIBUTION, ETC. (IMPRINT)
Place of publication, distribution, etc Boschstr :
Name of publisher, distributor, etc John Wiley,
Date of publication, distribution, etc 2025
300 ## - PHYSICAL DESCRIPTION
Extent 251 p.
650 ## - SUBJECT ADDED ENTRY--TOPICAL TERM
Topical term or geographic name as entry element Accounting-Research
650 ## - SUBJECT ADDED ENTRY--TOPICAL TERM
Topical term or geographic name as entry element Auditing-Research
942 ## - ADDED ENTRY ELEMENTS (KOHA)
Koha item type Books
Holdings
Withdrawn status Lost status Damaged status Home library Current library Date acquired Full call number Barcode Date last seen Price effective from Koha item type
      UMT Main Campus UMT Main Campus 2026-02-27 657.072 WEI-A 151716 2026-02-27 2026-02-27 Books